000 00666nam a2200205Ia 4500
003 GCL
008 140319s9999 xx 000 0 ara d
040 _aGCL /
_cGCL
082 0 4 _aق
_b932
_bل م
100 1 _aزهير الشايب (مترجم)
245 1 0 _aمدينة الاسكندرية /
_cزهير الشايب (مترجم)
700 1 _aجراتيان لوبير
260 _aالقاهرة :
_bلجنة الاعلام والدراسات المستقبلية ،
_c1991
300 _a188 ص
490 _aمن موسوعة وصف مصر
_v2
650 0 4 _aمصر
650 0 4 _aتاريخ قديم
650 0 4 _aالاسكندرية
942 _2ddc
_cBK
999 _c57897
_d57897